| 000 | 01463nam a2200265Ia 4500 | ||
|---|---|---|---|
| 999 |
_c50456 _d50456 |
||
| 001 | 17402 | ||
| 003 | GE_BSU | ||
| 005 | 20200212151329.0 | ||
| 008 | 181216s2015ge xx |||||||||||||| ||geo|| | ||
| 010 | _a9789941462160 | ||
| 040 | _cGE_BSU | ||
| 041 | _ageo | ||
| 080 | _a616.89 ვ-25 | ||
| 100 |
_aვაშაძე,შორენა. _97007 |
||
| 245 |
_aფსიქიატრიის საფუძვლები / _cშორენა ვაშაძე ; რედ. ჯიმშერ ლეჟავა. |
||
| 264 |
_aბათუმი : _bბათუმის შოთა რუსთაველის სახელმწ. უნ-ტის გამ-ბა, _c2015. |
||
| 300 |
_a305 გვ; _c21 სმ. |
||
| 504 | _aბიბლიოგრაფ.გვ:296-305 | ||
| 541 | _h9ლ.29თ. | ||
| 653 | _aმედიცინა | ||
| 653 | _aფსიქიატრიის საგანი და ამოცანები.ფსიქიატრიის კავშირი ფსიქოლოგიასთან და სხვა დისციპლინებთან.ფსიქიატრიის ისტორია და თანამედროვე მიმდინარეობანი. | ||
| 653 | _aფსიქიატრიის საფუძვლები | ||
| 700 |
_a ლეჟავა, ჯიმშერ _eრედაქტორი _97008 |
||
| 942 |
_cBK _2udc |
||